[Event "Villarobledo Online Qualifyer"]
[Site "playchess.com #155672"]
[Date "2009.05.23"]
[Round "9"]
[White "Necromant"]
[Black "Orzechowski_Jac"]
[Result "1-0"]
[WhiteElo "2573"]
[BlackElo "2244"]
[PlyCount "53"]
[EventDate "2009.05.23"]
[EventType "swiss (blitz)"]

1. e4 {[%emt 0:00:04]} d6 {[%emt 0:00:08]} 2. d4 {[%emt 0:00:01]} Nf6 {[%emt 0:
00:01]} 3. Nc3 {[%emt 0:00:00]} Nbd7 {[%emt 0:00:01]} 4. Nf3 {[%emt 0:00:08]}
e5 {[%emt 0:00:02]} 5. Bc4 {[%emt 0:00:01]} Be7 {[%emt 0:00:02]} 6. O-O {[%emt
0:00:01]} O-O {[%emt 0:00:01]} 7. Re1 {[%emt 0:00:01]} c6 {[%emt 0:00:01]} 8.
a4 {[%emt 0:00:01]} b6 {[%emt 0:00:02]} 9. d5 {[%emt 0:00:11]} cxd5 {[%emt 0:
00:03]} 10. Nxd5 {[%emt 0:00:02]} Bb7 {[%emt 0:00:01]} 11. Nxe7+ {[%emt 0:00:
07]} Qxe7 {[%emt 0:00:03]} 12. Bd3 {[%emt 0:00:20]} d5 {[%emt 0:00:24]} 13.
exd5 {[%emt 0:00:02]} Bxd5 {[%emt 0:00:10]} 14. Bf4 {[%emt 0:00:08]} e4 {[%emt
0:00:15]} 15. Nd4 {[%emt 0:00:03]} Qc5 {[%emt 0:00:10]} 16. Bf1 {[%emt 0:00:10]
} Rfe8 {[%emt 0:00:08]} 17. Nf5 {[%emt 0:00:17]} Ne5 {[%emt 0:00:07]} 18. Qd4 {
[%emt 0:00:16]} Qxd4 {[%emt 0:00:14]} 19. Nxd4 {[%emt 0:00:00]} h6 {[%emt 0:00:
29]} 20. Nb5 {[%emt 0:00:11]} Re7 {[%emt 0:00:17]} 21. a5 {[%emt 0:00:10]} bxa5
{[%emt 0:00:10]} 22. Rxa5 {[%emt 0:00:04]} Nc4 {[%emt 0:00:08]} 23. Bxc4 {
[%emt 0:00:11]} Bxc4 {[%emt 0:00:02]} 24. Nd6 {[%emt 0:00:15]} Bd5 {[%emt 0:00:
17]} 25. c4 {[%emt 0:00:07]} Bc6 {[%emt 0:00:03]} 26. Rea1 {[%emt 0:00:07]} Nh5
{[%emt 0:00:09]} 27. Rxh5 {[%emt 0:00:02] Orzechowski_Jac poddaje siê} 1-0

[Event "Villarobledo Online Qualifyer"]
[Site "playchess.com #155672"]
[Date "2009.05.23"]
[Round "9"]
[White "Chesshero045"]
[Black "Chofis"]
[Result "1-0"]
[WhiteElo "1974"]
[BlackElo "1632"]
[PlyCount "95"]
[EventDate "2009.05.23"]
[EventType "swiss (blitz)"]

1. e4 {[%emt 0:00:04]} e5 {[%emt 0:00:01]} 2. Nf3 {[%emt 0:00:02]} d5 {[%emt 0:
00:01]} 3. Nxe5 {[%emt 0:00:16]} Qe7 {[%emt 0:00:02]} 4. d4 {[%emt 0:00:02]}
Nd7 {[%emt 0:00:01]} 5. Nxd7 {[%emt 0:00:02]} Qxe4+ {[%emt 0:00:02]} 6. Qe2 {
[%emt 0:00:01]} Qxe2+ {[%emt 0:00:01]} 7. Bxe2 {[%emt 0:00:00]} Bxd7 {[%emt 0:
00:00]} 8. O-O {[%emt 0:00:01]} Bd6 {[%emt 0:00:02]} 9. Nc3 {[%emt 0:00:18]} c6
{[%emt 0:00:02]} 10. Bg5 {[%emt 0:00:05]} h6 {[%emt 0:00:02]} 11. Bh4 {[%emt 0:
00:02]} Bf5 {[%emt 0:00:09]} 12. Rfe1 {[%emt 0:00:07]} Kd7 {[%emt 0:00:02]} 13.
Bd3 {[%emt 0:00:14]} Bxd3 {[%emt 0:00:03]} 14. cxd3 {[%emt 0:00:00]} g5 {[%emt
0:00:01]} 15. Bg3 {[%emt 0:00:01]} Bxg3 {[%emt 0:00:01]} 16. hxg3 {[%emt 0:00:
00]} Re8 {[%emt 0:00:06]} 17. Re5 {[%emt 0:00:03]} Rxe5 {[%emt 0:00:03]} 18.
dxe5 {[%emt 0:00:01]} Ke6 {[%emt 0:00:01]} 19. d4 {[%emt 0:00:04]} Ne7 {[%emt
0:00:06]} 20. g4 {[%emt 0:00:22]} h5 {[%emt 0:00:03]} 21. f3 {[%emt 0:00:02]}
Ng6 {[%emt 0:00:02]} 22. Kf2 {[%emt 0:00:09]} hxg4 {[%emt 0:00:02]} 23. fxg4 {
[%emt 0:00:01]} Rh4 {[%emt 0:00:01]} 24. Kg3 {[%emt 0:00:05]} Nf4 {[%emt 0:00:
02]} 25. Rf1 {[%emt 0:00:06]} f6 {[%emt 0:00:10]} 26. Rxf4 {[%emt 0:00:05]}
gxf4+ {[%emt 0:00:04]} 27. Kxh4 {[%emt 0:00:01]} fxe5 {[%emt 0:00:01]} 28. dxe5
{[%emt 0:00:01]} Kxe5 {[%emt 0:00:01]} 29. g5 {[%emt 0:00:09]} d4 {[%emt 0:00:
03]} 30. Ne2 {[%emt 0:00:06]} d3 {[%emt 0:00:01]} 31. Nc3 {[%emt 0:00:05]} b5 {
[%emt 0:00:01]} 32. Kg4 {[%emt 0:00:06]} b4 {[%emt 0:00:04]} 33. Nd1 {[%emt 0:
00:01]} c5 {[%emt 0:00:01]} 34. g6 {[%emt 0:00:01]} Kf6 {[%emt 0:00:02]} 35.
Kxf4 {[%emt 0:00:01]} Kxg6 {[%emt 0:00:01]} 36. b3 {[%emt 0:00:02]} a5 {[%emt
0:00:04]} 37. Ke3 {[%emt 0:00:02]} a4 {[%emt 0:00:01]} 38. Kxd3 {[%emt 0:00:01]
} axb3 {[%emt 0:00:01]} 39. axb3 {[%emt 0:00:01]} Kg5 {[%emt 0:00:00]} 40. Kc4
{[%emt 0:00:01]} Kg4 {[%emt 0:00:00]} 41. Kxc5 {[%emt 0:00:01]} Kg3 {[%emt 0:
00:00]} 42. Kxb4 {[%emt 0:00:01]} Kxg2 {[%emt 0:00:01]} 43. Kc5 {[%emt 0:00:00]
} Kf3 {[%emt 0:00:01]} 44. b4 {[%emt 0:00:01]} Ke2 {[%emt 0:00:01]} 45. b5 {
[%emt 0:00:01]} Kxd1 {[%emt 0:00:01]} 46. b6 {[%emt 0:00:01]} Kd2 {[%emt 0:00:
00]} 47. b7 {[%emt 0:00:00]} Kc3 {[%emt 0:00:02]} 48. b8=Q {[%emt 0:00:03]
Chofis ofrece tablas Chofis rinde} 1-0

[Event "Villarobledo Online Qualifyer"]
[Site "playchess.com #155672"]
[Date "2009.05.23"]
[Round "9"]
[White "MiguelM"]
[Black "Dellacasa"]
[Result "1-0"]
[WhiteElo "1703"]
[BlackElo "1389"]
[PlyCount "79"]
[EventDate "2009.05.23"]
[EventType "swiss (blitz)"]

1. e4 {[%emt 0:00:01]} c6 {[%emt 0:00:01]} 2. d4 {[%emt 0:00:01]} d5 {[%emt 0:
00:01]} 3. e5 {[%emt 0:00:02]} Bf5 {[%emt 0:00:05]} 4. Bd3 {[%emt 0:00:01]}
Bxd3 {[%emt 0:00:02]} 5. Qxd3 {[%emt 0:00:01]} e6 {[%emt 0:00:01]} 6. Nf3 {
[%emt 0:00:01]} c5 {[%emt 0:00:01]} 7. c3 {[%emt 0:00:01]} c4 {[%emt 0:00:02]}
8. Qc2 {[%emt 0:00:01]} g6 {[%emt 0:00:05]} 9. O-O {[%emt 0:00:01]} Ne7 {[%emt
0:00:01]} 10. Bg5 {[%emt 0:00:02]} Nbc6 {[%emt 0:00:08]} 11. Bf6 {[%emt 0:00:
03]} Rg8 {[%emt 0:00:09]} 12. Ng5 {[%emt 0:00:06]} h6 {[%emt 0:00:11]} 13. Nh7
{[%emt 0:00:08]} Bg7 {[%emt 0:00:10]} 14. Bxg7 {[%emt 0:00:05]} Rxg7 {[%emt 0:
00:02]} 15. Nf6+ {[%emt 0:00:01]} Kf8 {[%emt 0:00:07]} 16. Nd2 {[%emt 0:00:09]}
Ng8 {[%emt 0:00:01]} 17. Ng4 {[%emt 0:00:07]} h5 {[%emt 0:00:02]} 18. Ne3 {
[%emt 0:00:02]} b5 {[%emt 0:00:05]} 19. Nf3 {[%emt 0:00:06]} Nh6 {[%emt 0:00:
06]} 20. Qd2 {[%emt 0:00:03]} Nf5 {[%emt 0:00:06]} 21. Nxf5 {[%emt 0:00:02]}
gxf5 {[%emt 0:00:14]} 22. Qh6 {[%emt 0:00:08]} Ne7 {[%emt 0:00:29]} 23. Ng5 {
[%emt 0:00:28]} Ng8 {[%emt 0:00:10]} 24. Nh7+ {[%emt 0:00:01]} Ke7 {[%emt 0:00:
08]} 25. Qxg7 {[%emt 0:00:01]} a5 {[%emt 0:00:20]} 26. Nf6 {[%emt 0:00:10]}
Nxf6 {[%emt 0:00:05]} 27. Qxf6+ {[%emt 0:00:01]} Ke8 {[%emt 0:00:02]} 28. Qxd8+
{[%emt 0:00:01]} Kxd8 {[%emt 0:00:04]} 29. f4 {[%emt 0:00:01]} b4 {[%emt 0:00:
04]} 30. cxb4 {[%emt 0:00:01]} axb4 {[%emt 0:00:01]} 31. Rf3 {[%emt 0:00:01]}
b3 {[%emt 0:00:05]} 32. a4 {[%emt 0:00:04]} Kc7 {[%emt 0:00:05]} 33. Rh3 {
[%emt 0:00:06]} Kb6 {[%emt 0:00:03]} 34. Rxh5 {[%emt 0:00:15]} Ka5 {[%emt 0:00:
03]} 35. Rh3 {[%emt 0:00:03]} Kb4 {[%emt 0:00:02]} 36. Kf1 {[%emt 0:00:06]}
Rxa4 {[%emt 0:00:03]} 37. Rxa4+ {[%emt 0:00:02]} Kxa4 {[%emt 0:00:01]} 38. Rc3
{[%emt 0:00:02]} Kb4 {[%emt 0:00:05]} 39. h4 {[%emt 0:00:01]} Kb5 {[%emt 0:00:
09]} 40. h5 {[%emt 0:00:01] Dellacasa rinde} 1-0

[Event "Villarobledo Online Qualifyer"]
[Site "playchess.com #155672"]
[Date "2009.05.23"]
[Round "9"]
[White "ZECE"]
[Black "Secondwind"]
[Result "1-0"]
[WhiteElo "2072"]
[BlackElo "2306"]
[PlyCount "63"]
[EventDate "2009.05.23"]
[EventType "swiss (blitz)"]

1. e4 {[%emt 0:00:00]} c5 {[%emt 0:00:01]} 2. Nf3 {[%emt 0:00:17]} g6 {[%emt 0:
00:01]} 3. Nc3 {[%emt 0:00:08]} Nc6 {[%emt 0:00:01]} 4. Bc4 {[%emt 0:00:05]}
Bg7 {[%emt 0:00:05]} 5. O-O {[%emt 0:00:07]} e6 {[%emt 0:00:01]} 6. d3 {[%emt
0:00:04]} Nge7 {[%emt 0:00:03]} 7. Bg5 {[%emt 0:00:05]} h6 {[%emt 0:00:01]} 8.
Bh4 {[%emt 0:00:05]} O-O {[%emt 0:00:04]} 9. Qc1 {[%emt 0:00:04]} a6 {[%emt 0:
00:24]} 10. Bb3 {[%emt 0:00:04]} Na5 {[%emt 0:00:03]} 11. h3 {[%emt 0:00:06]}
b5 {[%emt 0:00:02]} 12. Bg3 {[%emt 0:00:05]} d5 {[%emt 0:00:05]} 13. exd5 {
[%emt 0:00:07]} exd5 {[%emt 0:00:02]} 14. Bh4 {[%emt 0:00:04]} g5 {[%emt 0:00:
07]} 15. Nxg5 {[%emt 0:00:05]} hxg5 {[%emt 0:00:02]} 16. Bxg5 {[%emt 0:00:04]}
Nxb3 {[%emt 0:00:17]} 17. axb3 {[%emt 0:00:04]} f6 {[%emt 0:00:01]} 18. Bh6 {
[%emt 0:00:04]} Bf5 {[%emt 0:00:13]} 19. Re1 {[%emt 0:00:05]} Nc6 {[%emt 0:00:
10]} 20. Qf4 {[%emt 0:00:06]} Qd7 {[%emt 0:00:06]} 21. Re3 {[%emt 0:00:06]} Rf7
{[%emt 0:00:11]} 22. Nxb5 {[%emt 0:00:05]} Ne5 {[%emt 0:00:29]} 23. Bxg7 {
[%emt 0:00:05]} Rxg7 {[%emt 0:00:06]} 24. Nc7 {[%emt 0:00:04]} Qxc7 {[%emt 0:
00:22]} 25. Qxf5 {[%emt 0:00:04]} Qd6 {[%emt 0:00:01]} 26. f4 {[%emt 0:00:05]}
Nf7 {[%emt 0:00:19]} 27. Re6 {[%emt 0:00:08]} Qd7 {[%emt 0:00:05]} 28. Qxf6 {
[%emt 0:00:04]} a5 {[%emt 0:00:03]} 29. Re7 {[%emt 0:00:05]} Qd8 {[%emt 0:00:
04]} 30. Rae1 {[%emt 0:00:05]} Qf8 {[%emt 0:00:05]} 31. Qc6 {[%emt 0:00:06]}
Rd8 {[%emt 0:00:12]} 32. Re8 {[%emt 0:00:06] Secondwind gibt auf} 1-0

[Event "Villarobledo Online Qualifyer"]
[Site "playchess.com #155672"]
[Date "2009.05.23"]
[Round "9"]
[White "TheMaster15"]
[Black "Acedrex"]
[Result "0-1"]
[WhiteElo "2247"]
[BlackElo "2101"]
[PlyCount "74"]
[EventDate "2009.05.23"]
[EventType "swiss (blitz)"]

1. e4 {[%emt 0:00:01]} e6 {[%emt 0:00:01]} 2. d4 {[%emt 0:00:01]} d5 {[%emt 0:
00:01]} 3. Nc3 {[%emt 0:00:00]} Nf6 {[%emt 0:00:01]} 4. Bg5 {[%emt 0:00:02]}
Be7 {[%emt 0:00:01]} 5. Bxf6 {[%emt 0:00:01]} Bxf6 {[%emt 0:00:01]} 6. e5 {
[%emt 0:00:00]} Be7 {[%emt 0:00:01]} 7. Qg4 {[%emt 0:00:01]} O-O {[%emt 0:00:
02]} 8. O-O-O {[%emt 0:00:01]} c5 {[%emt 0:00:01]} 9. dxc5 {[%emt 0:00:01]} Nc6
{[%emt 0:00:01]} 10. f4 {[%emt 0:00:01]} Bxc5 {[%emt 0:00:04]} 11. Kb1 {[%emt
0:00:01]} f5 {[%emt 0:00:05]} 12. Qh3 {[%emt 0:00:01]} Bd7 {[%emt 0:00:04]} 13.
Nf3 {[%emt 0:00:01]} Be7 {[%emt 0:00:03]} 14. Bd3 {[%emt 0:00:10]} a6 {[%emt 0:
00:04]} 15. g4 {[%emt 0:00:02]} Nb4 {[%emt 0:00:07]} 16. Be2 {[%emt 0:00:04]}
fxg4 {[%emt 0:00:02]} 17. Qxg4 {[%emt 0:00:02]} Rc8 {[%emt 0:00:04]} 18. a3 {
[%emt 0:00:03]} Rxc3 {[%emt 0:00:11]} 19. bxc3 {[%emt 0:00:16]} Nc6 {[%emt 0:
00:01]} 20. Rhg1 {[%emt 0:00:27]} Rf7 {[%emt 0:00:02]} 21. Ng5 {[%emt 0:00:28]}
Bxg5 {[%emt 0:00:03]} 22. Qxg5 {[%emt 0:00:04]} Qa5 {[%emt 0:00:03]} 23. Bh5 {
[%emt 0:00:29]} Re7 {[%emt 0:00:12]} 24. f5 {[%emt 0:00:21]} exf5 {[%emt 0:00:
10]} 25. Bf3 {[%emt 0:00:02]} Be6 {[%emt 0:00:04]} 26. h4 {[%emt 0:00:29]} Qxc3
{[%emt 0:00:09]} 27. Bxd5 {[%emt 0:00:08]} Bxd5 {[%emt 0:00:17]} 28. Rxd5 {
[%emt 0:00:00]} Qxa3 {[%emt 0:00:11]} 29. Rgd1 {[%emt 0:00:13]} Qb4+ {[%emt 0:
00:07]} 30. Kc1 {[%emt 0:00:03]} h6 {[%emt 0:00:12]} 31. Qxf5 {[%emt 0:00:07]}
Qa3+ {[%emt 0:00:05]} 32. Kd2 {[%emt 0:00:15]} Rf7 {[%emt 0:00:17] '} 33. Qc8+
{[%emt 0:00:04]} Kh7 {[%emt 0:00:01]} 34. Re1 {[%emt 0:00:03]} Rf2+ {[%emt 0:
00:02]} 35. Re2 {[%emt 0:00:01]} Qb4+ {[%emt 0:00:02]} 36. c3 {[%emt 0:00:02]}
Qb2+ {[%emt 0:00:03]} 37. Kd3 {[%emt 0:00:01]} Qxe2# {[%emt 0:00:01]} 0-1

[Event "Villarobledo Online Qualifyer"]
[Site "playchess.com #155672"]
[Date "2009.05.23"]
[Round "9"]
[White "Ajaraisk"]
[Black "Drago_infiammato"]
[Result "1-0"]
[WhiteElo "2177"]
[BlackElo "2097"]
[PlyCount "105"]
[EventDate "2009.05.23"]
[EventType "swiss (blitz)"]

1. e4 {[%emt 0:00:05]} e5 {[%emt 0:00:01]} 2. d4 {[%emt 0:00:01]} exd4 {[%emt
0:00:01]} 3. Nf3 {[%emt 0:00:00]} Nc6 {[%emt 0:00:01]} 4. c3 {[%emt 0:00:01]}
dxc3 {[%emt 0:00:01]} 5. Bc4 {[%emt 0:00:01]} cxb2 {[%emt 0:00:02]} 6. Bxb2 {
[%emt 0:00:02]} d5 {[%emt 0:00:01]} 7. Bxd5 {[%emt 0:00:02]} Nf6 {[%emt 0:00:
03]} 8. Nc3 {[%emt 0:00:09]} Bb4 {[%emt 0:00:03]} 9. O-O {[%emt 0:00:03]} O-O {
[%emt 0:00:04]} 10. Qb3 {[%emt 0:00:05]} Bxc3 {[%emt 0:00:06]} 11. Bxc3 {[%emt
0:00:01]} Nxd5 {[%emt 0:00:01]} 12. exd5 {[%emt 0:00:03]} Ne7 {[%emt 0:00:01]}
13. Rad1 {[%emt 0:00:02]} Ng6 {[%emt 0:00:04]} 14. Rfe1 {[%emt 0:00:50]} Bg4 {
[%emt 0:00:08]} 15. Rd3 {[%emt 0:00:02]} b6 {[%emt 0:00:21]} 16. h3 {[%emt 0:
00:08]} Bxf3 {[%emt 0:00:02]} 17. Rxf3 {[%emt 0:00:01]} a5 {[%emt 0:00:02]} 18.
a4 {[%emt 0:00:02]} Re8 {[%emt 0:00:01]} 19. Rd1 {[%emt 0:00:03]} Qd6 {[%emt 0:
00:03]} 20. Rg3 {[%emt 0:00:10]} Rad8 {[%emt 0:00:06]} 21. h4 {[%emt 0:00:07]}
h5 {[%emt 0:00:13]} 22. Rg5 {[%emt 0:00:03]} Re2 {[%emt 0:00:14]} 23. Qc4 {
[%emt 0:00:10]} Ree8 {[%emt 0:00:19]} 24. Qd4 {[%emt 0:00:03]} Qe5 {[%emt 0:00:
08]} 25. Rxe5 {[%emt 0:00:01]} Nxe5 {[%emt 0:00:01]} 26. f4 {[%emt 0:00:08]} c6
{[%emt 0:00:11]} 27. d6 {[%emt 0:00:02]} c5 {[%emt 0:00:03]} 28. Qd5 {[%emt 0:
00:05]} Ng4 {[%emt 0:00:02]} 29. Qxh5 {[%emt 0:00:04]} Ne3 {[%emt 0:00:10]} 30.
Qg5 {[%emt 0:00:03]} f6 {[%emt 0:00:14]} 31. Bxf6 {[%emt 0:00:03]} Rd7 {[%emt
0:00:00]} 32. Re1 {[%emt 0:00:05]} Kf8 {[%emt 0:00:05]} 33. Be7+ {[%emt 0:00:
03]} Rdxe7 {[%emt 0:00:04]} 34. dxe7+ {[%emt 0:00:01]} Rxe7 {[%emt 0:00:00]}
35. Qxe7+ {[%emt 0:00:10]} Kxe7 {[%emt 0:00:00]} 36. Rxe3+ {[%emt 0:00:01]} Kd6
{[%emt 0:00:02]} 37. f5 {[%emt 0:00:03]} Kd5 {[%emt 0:00:05]} 38. h5 {[%emt 0:
00:02]} Kd4 {[%emt 0:00:03]} 39. Kf2 {[%emt 0:00:01]} c4 {[%emt 0:00:01]} 40.
f6 {[%emt 0:00:02]} gxf6 {[%emt 0:00:01]} 41. h6 {[%emt 0:00:01]} f5 {[%emt 0:
00:00]} 42. h7 {[%emt 0:00:01]} f4 {[%emt 0:00:00]} 43. h8=Q+ {[%emt 0:00:01]}
Kc5 {[%emt 0:00:01]} 44. Qc3 {[%emt 0:00:05]} fxe3+ {[%emt 0:00:00]} 45. Kxe3 {
[%emt 0:00:00]} b5 {[%emt 0:00:01]} 46. Qxa5 {[%emt 0:00:02]} c3 {[%emt 0:00:
04]} 47. Qxc3+ {[%emt 0:00:02]} Kd5 {[%emt 0:00:00]} 48. axb5 {[%emt 0:00:01]}
Kd6 {[%emt 0:00:01]} 49. Ke4 {[%emt 0:00:03]} Ke6 {[%emt 0:00:01]} 50. Qc6+ {
[%emt 0:00:02]} Kf7 {[%emt 0:00:01]} 51. Kf5 {[%emt 0:00:02]} Ke7 {[%emt 0:00:
01]} 52. Qc7+ {[%emt 0:00:02]} Ke8 {[%emt 0:00:02]} 53. Kf6 {[%emt 0:00:02]
Drago_infiammato abbandona} 1-0

[Event "Villarobledo Online Qualifyer"]
[Site "playchess.com #155672"]
[Date "2009.05.23"]
[Round "9"]
[White "Krondor"]
[Black "Freuds"]
[Result "1-0"]
[WhiteElo "1445"]
[BlackElo "1482"]
[PlyCount "55"]
[EventDate "2009.05.23"]
[EventType "swiss (blitz)"]

1. d4 {[%emt 0:00:03]} Nf6 {[%emt 0:00:04]} 2. c4 {[%emt 0:00:01]} e6 {[%emt 0:
00:02]} 3. Nc3 {[%emt 0:00:01]} Bb4 {[%emt 0:00:03]} 4. Bd2 {[%emt 0:00:01]} a5
{[%emt 0:00:01]} 5. Nf3 {[%emt 0:00:07]} Bxc3 {[%emt 0:00:20]} 6. Bxc3 {[%emt
0:00:06]} d5 {[%emt 0:00:31]} 7. e3 {[%emt 0:00:10]} c6 {[%emt 0:00:00]} 8. Bd3
{[%emt 0:00:11]} O-O {[%emt 0:00:11]} 9. O-O {[%emt 0:00:12]} Nbd7 {[%emt 0:00:
00]} 10. a3 {[%emt 0:00:05]} dxc4 {[%emt 0:00:11]} 11. Bxc4 {[%emt 0:00:03]}
Nd5 {[%emt 0:00:01]} 12. Qc2 {[%emt 0:00:07]} N7f6 {[%emt 0:00:05]} 13. Bd2 {
[%emt 0:00:13]} b5 {[%emt 0:00:06]} 14. Bd3 {[%emt 0:00:03]} a4 {[%emt 0:00:10]
} 15. e4 {[%emt 0:00:02]} Ne7 {[%emt 0:00:07]} 16. e5 {[%emt 0:00:03]} Nfd5 {
[%emt 0:00:05]} 17. Bxh7+ {[%emt 0:00:04]} Kh8 {[%emt 0:00:08]} 18. Be4 {[%emt
0:00:08]} f5 {[%emt 0:00:20]} 19. Bxd5 {[%emt 0:00:06]} Nxd5 {[%emt 0:00:04]}
20. Qxc6 {[%emt 0:00:08]} Bd7 {[%emt 0:00:08]} 21. Qc2 {[%emt 0:00:06]} Qe7 {
[%emt 0:00:15]} 22. Qd3 {[%emt 0:00:09]} g6 {[%emt 0:00:08]} 23. Bg5 {[%emt 0:
00:11]} Qh7 {[%emt 0:00:41]} 24. Rac1 {[%emt 0:00:13] .} Rac8 {[%emt 0:00:03]}
25. Rc5 {[%emt 0:00:05]} Rxc5 {[%emt 0:00:06]} 26. dxc5 {[%emt 0:00:03]} Bc6 {
[%emt 0:00:01]} 27. Nd4 {[%emt 0:00:08]} Be8 {[%emt 0:00:05]} 28. Nxe6 {[%emt
0:00:06] Temps} 1-0

[Event "Villarobledo Online Qualifyer"]
[Site "playchess.com #155672"]
[Date "2009.05.23"]
[Round "9"]
[White "DHCA"]
[Black "Master--Sim"]
[Result "1-0"]
[WhiteElo "1580"]
[BlackElo "2055"]
[PlyCount "79"]
[EventDate "2009.05.23"]
[EventType "swiss (blitz)"]

1. e4 {[%emt 0:00:01]} e6 {[%emt 0:00:02]} 2. d4 {[%emt 0:00:02]} d5 {[%emt 0:
00:02]} 3. e5 {[%emt 0:00:01]} c5 {[%emt 0:00:02]} 4. c3 {[%emt 0:00:00]} Bd7 {
[%emt 0:00:01]} 5. Nf3 {[%emt 0:00:00]} Qb6 {[%emt 0:00:01]} 6. Bd3 {[%emt 0:
00:04]} Bb5 {[%emt 0:00:02]} 7. c4 {[%emt 0:00:06]} dxc4 {[%emt 0:00:04]} 8.
Be2 {[%emt 0:00:05]} Nc6 {[%emt 0:00:04]} 9. d5 {[%emt 0:00:01]} exd5 {[%emt 0:
00:05]} 10. Qxd5 {[%emt 0:00:05]} Rd8 {[%emt 0:00:05]} 11. Qe4 {[%emt 0:00:03]}
Be7 {[%emt 0:00:07]} 12. Nc3 {[%emt 0:00:02]} Ba6 {[%emt 0:00:08]} 13. O-O {
[%emt 0:00:03]} Qc7 {[%emt 0:00:03]} 14. e6 {[%emt 0:00:05]} Nf6 {[%emt 0:00:
03]} 15. exf7+ {[%emt 0:00:02]} Kxf7 {[%emt 0:00:00]} 16. Bxc4+ {[%emt 0:00:03]
} Bxc4 {[%emt 0:00:05]} 17. Qxc4+ {[%emt 0:00:02]} Kf8 {[%emt 0:00:02]} 18. Bg5
{[%emt 0:00:05]} a6 {[%emt 0:00:13]} 19. Rfe1 {[%emt 0:00:10]} Nd4 {[%emt 0:00:
08]} 20. Ne5 {[%emt 0:00:07]} Bd6 {[%emt 0:00:09]} 21. Bxf6 {[%emt 0:00:06]}
gxf6 {[%emt 0:00:06]} 22. Nd5 {[%emt 0:00:16]} Qg7 {[%emt 0:00:10]} 23. Nd3 {
[%emt 0:00:37]} Rg8 {[%emt 0:00:04]} 24. N5f4 {[%emt 0:00:05]} Qg4 {[%emt 0:00:
13]} 25. h3 {[%emt 0:00:23]} Qf5 {[%emt 0:00:18]} 26. Ne6+ {[%emt 0:00:33]}
Nxe6 {[%emt 0:00:03]} 27. Rxe6 {[%emt 0:00:05]} Rg6 {[%emt 0:00:12]} 28. Rae1 {
[%emt 0:00:05]} Qxh3 {[%emt 0:00:05]} 29. Rxf6+ {[%emt 0:00:07]} Kg7 {[%emt 0:
00:02] Master--Sim bietet Remis} 30. Rxg6+ {[%emt 0:00:09]} hxg6 {[%emt 0:00:
02]} 31. gxh3 {[%emt 0:00:01]} Rh8 {[%emt 0:00:02]} 32. Qc3+ {[%emt 0:00:06]}
Kh6 {[%emt 0:00:05]} 33. Re6 {[%emt 0:00:06]} Rd8 {[%emt 0:00:08]} 34. Qf6 {
[%emt 0:00:02]} Rg8 {[%emt 0:00:04]} 35. Rxd6 {[%emt 0:00:01]} b5 {[%emt 0:00:
01]} 36. Nf4 {[%emt 0:00:01]} c4 {[%emt 0:00:02]} 37. Qh4+ {[%emt 0:00:01]} Kg7
{[%emt 0:00:02]} 38. Rd7+ {[%emt 0:00:01]} Kf8 {[%emt 0:00:02]} 39. Qf6+ {
[%emt 0:00:01]} Ke8 {[%emt 0:00:01]} 40. Qe7# {[%emt 0:00:01]} 1-0

[Event "Villarobledo Online Qualifyer"]
[Site "playchess.com #155672"]
[Date "2009.05.23"]
[Round "9"]
[White "Murri"]
[Black "Tdurden"]
[Result "0-1"]
[WhiteElo "1811"]
[BlackElo "2208"]
[PlyCount "74"]
[EventDate "2009.05.23"]
[EventType "swiss (blitz)"]

1. d4 {[%emt 0:00:01]} Nf6 {[%emt 0:00:02]} 2. c4 {[%emt 0:00:02]} g6 {[%emt 0:
00:01]} 3. Nc3 {[%emt 0:00:01]} d5 {[%emt 0:00:00]} 4. e3 {[%emt 0:00:01]} Bg7
{[%emt 0:00:02]} 5. Nf3 {[%emt 0:00:01]} O-O {[%emt 0:00:01]} 6. Bd3 {[%emt 0:
00:01]} c5 {[%emt 0:00:04]} 7. dxc5 {[%emt 0:00:12]} Qa5 {[%emt 0:00:02]} 8.
O-O {[%emt 0:00:02]} dxc4 {[%emt 0:00:05]} 9. Bxc4 {[%emt 0:00:02]} Qxc5 {
[%emt 0:00:01]} 10. Bb3 {[%emt 0:00:08]} Bg4 {[%emt 0:00:13]} 11. h3 {[%emt 0:
00:06]} Bxf3 {[%emt 0:00:14]} 12. Qxf3 {[%emt 0:00:09]} Nc6 {[%emt 0:00:01]}
13. Bd2 {[%emt 0:00:14]} Rad8 {[%emt 0:00:14]} 14. Rfd1 {[%emt 0:00:03]} Na5 {
[%emt 0:00:05]} 15. Ba4 {[%emt 0:00:38]} Nc4 {[%emt 0:00:07]} 16. Nb1 {[%emt 0:
00:58]} Nxb2 {[%emt 0:00:05]} 17. Rc1 {[%emt 0:00:09]} Qb6 {[%emt 0:00:24]} 18.
Bc3 {[%emt 0:00:19]} Nxa4 {[%emt 0:00:03]} 19. Bd4 {[%emt 0:00:12]} Rxd4 {
[%emt 0:00:04]} 20. exd4 {[%emt 0:00:05]} Qxd4 {[%emt 0:00:00]} 21. Na3 {[%emt
0:00:04]} Ne4 {[%emt 0:00:13]} 22. Nb5 {[%emt 0:00:08]} Qd5 {[%emt 0:00:11] '}
23. Nc7 {[%emt 0:00:03]} Qf5 {[%emt 0:00:05]} 24. Rab1 {[%emt 0:00:03]} Qxf3 {
[%emt 0:00:10]} 25. gxf3 {[%emt 0:00:01]} Nd6 {[%emt 0:00:01]} 26. Rb4 {[%emt
0:00:02]} Nb6 {[%emt 0:00:01]} 27. Nb5 {[%emt 0:00:02]} Nxb5 {[%emt 0:00:02]}
28. Rxb5 {[%emt 0:00:01]} Rb8 {[%emt 0:00:07]} 29. Rbc5 {[%emt 0:00:01]} Bf6 {
[%emt 0:00:06]} 30. Rc7 {[%emt 0:00:01]} Kg7 {[%emt 0:00:01]} 31. Kg2 {[%emt 0:
00:01]} Nd5 {[%emt 0:00:03]} 32. Rd7 {[%emt 0:00:01]} e6 {[%emt 0:00:05]} 33.
Rd1 {[%emt 0:00:06]} Kf8 {[%emt 0:00:04]} 34. Re1 {[%emt 0:00:01]} b5 {[%emt 0:
00:05]} 35. Rd6 {[%emt 0:00:02]} a5 {[%emt 0:00:07]} 36. Ra6 {[%emt 0:00:02]}
Bc3 {[%emt 0:00:02]} 37. Ra7 {[%emt 0:00:02]} Bxe1 {[%emt 0:00:02] Murri
resigns} 0-1